| 000 | 00518ntaaa2200205 4500 | ||
|---|---|---|---|
| 003 | 01 | ||
| 005 | 20251027202755.0 | ||
| 008 | 0714s1973 ag 01 | ||
| 040 |
_aAR-BaBN _bspa _cAR-BaBN _eaacr _dRIC |
||
| 082 | _a808.5200 P21 | ||
| 100 |
_aPardo, Gualterio _927903 |
||
| 245 | _aAlgunas nociones sobre fonética | ||
| 250 | _a2 ed. | ||
| 260 |
_as.l. : _bRicordi, _cs.f. |
||
| 300 | _a22 p | ||
| 500 | _aLibro perdido. Juego de fichas retirado 6/76 | ||
| 650 |
_afonética _927904 |
||
| 650 | _avoz | ||
| 942 | _cBK | ||
| 999 |
_c23028 _d23028 |
||